Beyond inflation targeting : (Record no. 742)
[ view plain ]
| 000 -LEADER | |
|---|---|
| fixed length control field | 02763nam a22003617a 4500 |
| 001 - CONTROL NUMBER | |
| control field | 15832914 |
| 005 - DATE AND TIME OF LATEST TRANSACTION | |
| control field | 20231103090617.0 |
| 008 - FIXED-LENGTH DATA ELEMENTS--GENERAL INFORMATION | |
| fixed length control field | 231103b |||||||| |||| 00| 0 eng d |
| 010 ## - LIBRARY OF CONGRESS CONTROL NUMBER | |
| LC control number | 2009933402 |
| 015 ## - NATIONAL BIBLIOGRAPHY NUMBER | |
| National bibliography number | GBA908624 |
| Source | bnb |
| 016 7# - NATIONAL BIBLIOGRAPHIC AGENCY CONTROL NUMBER | |
| Record control number | 014889652 |
| Source | Uk |
| 020 ## - INTERNATIONAL STANDARD BOOK NUMBER | |
| International Standard Book Number | 9781847209382 (hbk.) |
| 035 ## - SYSTEM CONTROL NUMBER | |
| System control number | (OCoLC)ocn300403944 |
| 040 ## - CATALOGING SOURCE | |
| Original cataloging agency | UKM |
| Transcribing agency | KMU |
| Modifying agency | KMU |
| Description conventions | rda |
| 042 ## - AUTHENTICATION CODE | |
| Authentication code | lccopycat |
| 050 00 - LIBRARY OF CONGRESS CALL NUMBER | |
| Classification number | HG 229 |
| Item number | .B498 2009 |
| 245 00 - TITLE STATEMENT | |
| Title | Beyond inflation targeting : |
| Remainder of title | assessing the impacts and policy alternatives / |
| Statement of responsibility, etc. | edited by Gerald A. Epstein, A. Erinç Yeldan. |
| 260 ## - PUBLICATION, DISTRIBUTION, ETC. | |
| Place of publication, distribution, etc. | Cheltenham, UK ; |
| -- | Northampton, MA : |
| Name of publisher, distributor, etc. | Edward Elgar, |
| Date of publication, distribution, etc. | c2009. |
| 300 ## - PHYSICAL DESCRIPTION | |
| Extent | xiv, 318 p. : |
| Other physical details | ill. ; |
| Dimensions | 24 cm. |
| 504 ## - BIBLIOGRAPHY, ETC. NOTE | |
| Bibliography, etc. note | Includes bibliographical references and index. |
| 505 0# - FORMATTED CONTENTS NOTE | |
| Formatted contents note | 1. Beyond inflation targeting: assessing the impacts and policy alternatives / Gerald Epstein and A. Erinc Yeldan -- 2. Real exchange rate, monetary policy and employment: economic development in a garden of forking paths / Roberto Frenkel and Lance Taylor -- 3. Inflation targeting and the real exchange rate in a small economy: a structuralist approach / Jose Antonio Cordero -- 4. Income, class and preferences towards anti-inflation and anti-unemployment policies / Arjun Jayadev -- 5. The gendered political economy of inflation targeting: assessing its impacts on employment / Elissa Braunstein and James Heintz -- 6. Inflation and economic growth: a cross-country non-linear analysis / Robert Pollin and Andong Zhu -- 7. Inflation targeting in Brazil: 1999-2006 / Nelson H. Barbosa-Filho -- 8. Alternatives to inflation targeting in Mexico / Luis Miguel Galindo and Jaime Ros -- 9. Five years of competitive and stable real exchange rate in Argentina, 2002-07 / Roberto Frenkel and Martin Rapetti -- 10. general equilibrium assessment of twin-targeting in Turkey / Cagatay Telli, Ebru Voyvoda and A. Erinç Yeldan -- 11. Employment targeting central bank policy: a policy proposal for South Africa / Gerald Epstein -- 12. Inflation targeting and the design of monetary policy in India / Raghbendra Jha -- 13. Towards an alternative monetary policy in the Philippines / Joseph Anthony Lim -- 14. Monetary policy in Vietnam: alternatives to inflation targeting / Le Anh Tu Packard. |
| 650 #0 - SUBJECT ADDED ENTRY--TOPICAL TERM | |
| Topical term or geographic name entry element | Anti-inflationary policies |
| General subdivision | Evaluation. |
| 650 #0 - SUBJECT ADDED ENTRY--TOPICAL TERM | |
| Topical term or geographic name entry element | Economic stabilization. |
| 650 07 - SUBJECT ADDED ENTRY--TOPICAL TERM | |
| Topical term or geographic name entry element | Monetary Policy |
| Source of heading or term | oclc |
| 650 07 - SUBJECT ADDED ENTRY--TOPICAL TERM | |
| Topical term or geographic name entry element | Inflation Targeting |
| Source of heading or term | swd |
| 650 07 - SUBJECT ADDED ENTRY--TOPICAL TERM | |
| Topical term or geographic name entry element | Banking System |
| Source of heading or term | oclc |
| 700 1# - ADDED ENTRY--PERSONAL NAME | |
| Personal name | Epstein, Gerald A. |
| 700 1# - ADDED ENTRY--PERSONAL NAME | |
| Personal name | Yeldan, Erinç, |
| Dates associated with a name | 1960- |
| 906 ## - LOCAL DATA ELEMENT F, LDF (RLIN) | |
| a | 7 |
| b | cbc |
| c | copycat |
| d | 2 |
| e | epcn |
| f | 20 |
| g | y-gencatlg |
| 942 ## - ADDED ENTRY ELEMENTS (KOHA) | |
| Source of classification or shelving scheme | Library of Congress Classification |
| Koha item type | Non-Fiction |
| Suppress in OPAC | No |
| Withdrawn status | Lost status | Source of classification or shelving scheme | Damaged status | Not for loan | Collection | Home library | Current library | Shelving location | Date acquired | Source of acquisition | Total Checkouts | Full call number | Barcode | Date last seen | Price effective from | Koha item type |
|---|---|---|---|---|---|---|---|---|---|---|---|---|---|---|---|---|
| Library of Congress Classification | Non-fiction | Kapasa Makasa University | Kapasa Makasa University | Open Access | 03.11.2023 | ZLS | HG 229 Bey | 300658 | 14.03.2024 | 03.11.2023 | Non-Fiction |